00964 a2200205 4500003000500000005001700005010001600022040000900038082001600047100002600063245004200089250000800131260003400139300001400173505038700187650002900574942001200603999001900615952012400634Nust20221208121231.0 a 89048850 cNust a530.41, MAH aMahan,Geral D9104452 aMany Practice PhysicscGerald D.Mahan a2nd aNew YorkbPlenum pressc1990. axiv,1032p aIntroductory Material (Page-1), Green Functions at Zero Temperature (Page-81), Green Functions at Finite Temperature (Page-133), Exactly Solvable Models (Page-239), Electron Gas (Page-379), Electron Phonon Interaction (Page-497), DC Conductive (Page-601). Optical Properties of Solids (Page-695). Superconductivity (Page-767). Liquid Helium (Page-841), Spin Fluctuations (Page-957). aParticle physics9104453 2ddccBK c180837d180837 00102ddc4070aMCSbMCScGENd2016-12-12o530.41, MAHpMCS5400r2016-12-08w2016-12-12yBKzAlmirah No.16, Shelf No.1